skbl

Dr Suryya Kumar Bhuyan Library Web-OPAC
ডঃ সূৰ্য্য
কুমাৰ ভূঞা পুথিভঁৰাল ৱেব-অ'পেক

All Research Scholars are advised to clear the annual library fees to continue using Library Resources, Remote Access, Plagiarism Test and Library Clearance.

Cotton University Book Fair 2026

Adhunik Galpa Sahitya-- Modern Story Literature (Record no. 56041)

MARC details
000 -LEADER
fixed length control field 00556nam a2200193Ia 4500
001 - CONTROL NUMBER
control field 56117
008 - FIXED-LENGTH DATA ELEMENTS--GENERAL INFORMATION
fixed length control field 130201n ii |||gr||||Z||||||465
082 ## - DEWEY DECIMAL CLASSIFICATION NUMBER
Classification number 891.41309
245 #0 - TITLE STATEMENT
Title Adhunik Galpa Sahitya-- Modern Story Literature
Statement of responsibility, etc. Trailokya nath Goswami
Medium Textual Documents
250 ## - EDITION STATEMENT
Edition statement 6th edn--2009.
260 ## - PUBLICATION, DISTRIBUTION, ETC.
Place of publication, distribution, etc. Pathsala:
Name of publisher, distributor, etc. Bina Prakash Private Ltd.
300 ## - PHYSICAL DESCRIPTION
Extent 198pg:
Dimensions 23cm.
653 ## - INDEX TERM--UNCONTROLLED
Uncontrolled term Assamese literature
653 ## - INDEX TERM--UNCONTROLLED
Uncontrolled term Assamese
653 ## - INDEX TERM--UNCONTROLLED
Uncontrolled term Deptt-Assamese
653 ## - INDEX TERM--UNCONTROLLED
Uncontrolled term Modern Story
700 ## - ADDED ENTRY--PERSONAL NAME
Personal name Goswami,Trailokya nath.
942 ## - ADDED ENTRY ELEMENTS (KOHA)
Source of classification or shelving scheme Dewey Decimal Classification
Koha item type Books
Holdings
Withdrawn status Lost status Damaged status Not for loan Collection Home library Current library Shelving location Date acquired Coded location qualifier Cost, normal purchase price Total checkouts Full call number Barcode Date last seen Copy number Price effective from Koha item type
          Dr. Suryya Kumar Bhuyan Library Dr. Suryya Kumar Bhuyan Library   01/02/2013 00000 90.00   891.41309 Go 69 Ad 5958/As 14/01/2024 1 01/02/2013 Books

Designed and Maintained by Team SKBL
©1901-2026

Powered by Koha